| 000 | 00708nam a2200217Ia 4500 | ||
|---|---|---|---|
| 001 | 16734 | ||
| 003 | GE_BSU | ||
| 008 | 181216s||||||||xx |||||||||||||| ||und|| | ||
| 040 | _cGE_BSU | ||
| 080 | _a821.161.1.09 + 821.133.1.09 + 821.111(73).09 | ||
| 100 | _aდობინი, ეფიმ | ||
| 245 | _aცხრა სიუჟეტის ისტორია | ||
| 245 | _cთარგმნა მ. შავლიაშვილმა | ||
| 260 | _aთბილისი | ||
| 260 | _bნაკადული | ||
| 260 | _c1986 | ||
| 300 | _a205გვ. ; 20სმ | ||
| 653 | _aმოთხრობა | ||
| 653 | _aცხრა სიუჟეტის ისტორია | ||
| 942 | _cBK | ||
| 999 |
_c49799 _d49799 |
||